<?xml version="1.0" encoding="UTF-8"?>
<collection xmlns="http://www.loc.gov/MARC21/slim">
  <record>
    <leader>00000nam  2200000   4500</leader>
    <controlfield tag="001">INLIS000000000008963</controlfield>
    <controlfield tag="005">20200709105714</controlfield>
    <datafield tag="035" ind1="#" ind2="#">
      <subfield code="a">0010-0720000054</subfield>
    </datafield>
    <controlfield tag="007">ta</controlfield>
    <controlfield tag="008">200709################|##########|#|##</controlfield>
    <datafield tag="100" ind1="3" ind2="#">
      <subfield code="a">Simandjorang, Vincent</subfield>
    </datafield>
    <datafield tag="245" ind1="1" ind2="#">
      <subfield code="a">Nasib Lingkungan Hidup Pasca Pandemi  Covid 19 /</subfield>
      <subfield code="c">Bonataon M.T. Vincent Simandjorang</subfield>
    </datafield>
    <datafield tag="260" ind1="#" ind2="#">
      <subfield code="a">Medan :</subfield>
      <subfield code="b">PT Media Warta Kencana,</subfield>
      <subfield code="c">2020</subfield>
    </datafield>
    <datafield tag="300" ind1="#" ind2="#">
      <subfield code="a">1</subfield>
    </datafield>
    <datafield tag="650" ind1="#" ind2="#">
      <subfield code="a">Lingkungan Hidup</subfield>
    </datafield>
    <datafield tag="310" ind1=" " ind2=" ">
      <subfield code="a">harian</subfield>
    </datafield>
  </record>
</collection>
